000 00857nam a22002057a 4500
005 20220315145251.0
008 220315b ||||| |||| 00| 0 eng d
020 _a9789386274328
040 _cAL
041 _aKannada
082 _223
_a909K
_bASWS
100 _aK N Aswathappa ಕೆ ಎನ್ ಅಶ್ವಥಪ್ಪ
_923734
245 _aSamagra Prapanchada Ithihasa ಸಮಗ್ರ ಪ್ರಪಂಚದ ಇತಿಹಾಸ
_bಆರಂಭದಿಂದ ಕ್ರಿ .ಶ. 2015 ರವರೆಗೆ
260 _aBengaluru
_bSapna Book House
_c2021
300 _a1521 p.
_bHB
_c25x18.5 cm.
365 _a6319
_b₹880.00
_c
_d₹1100.00
_e20%
_f08-03-2022
650 _aSamagra Prapanchada Ithihasa ಸಮಗ್ರ ಪ್ರಪಂಚದ ಇತಿಹಾಸ
_923735
700 _aಅಶ್ವಥಪ್ಪ (ಕೆ ಎನ್ )
_923736
942 _2ddc
_cBK
999 _c221892
_d221892